[Event "Pennant-chT"]
[Site "Adelaide"]
[Date "2016.10.11"]
[Round "3"]
[White "Mathews, Peter"]
[Black "Hoff, Michael R"]
[Result "1-0"]
[WhiteElo "1966"]
[BlackElo "1957"]
[PlyCount "105"]
[EventDate "2016.09.27"]
[EventType "team-tourn"]
[EventRounds "9"]
[EventCountry "AUS"]
[SourceTitle "EXT 2023"]
[Source "ChessBase"]
[SourceDate "2022.10.05"]
[SourceVersion "1"]
[SourceVersionDate "2022.10.05"]
[SourceQuality "1"]

1. e4 d6 2. d4 Nf6 3. f3 g6 4. c4 Bg7 5. Nc3 0-0 6. Be3 c6 7. Qd2 a6 8. Bh6 b5 9. h4 b4 10. Nce2 Qa5 11. g4 Bxg4 12. Bxg7 Kxg7 13. fxg4 Nxe4 14. Qe3 d5 15. Nf3 h6 16. Bg2 Nd7 17. 0-0 f6 18. Nf4 Kf7 19. cxd5 cxd5 20. Nxd5 e6 21. Qxe4 exd5 22. Ne5+ Nxe5 23. Qxe5 Kg7 24. Qxd5 Qxd5 25. Bxd5 Rad8 26. Bf3 Rxd4 27. Rad1 Rfd8 28. Rxd4 Rxd4 29. Kg2 f5 30. Kg3 f4+ 31. Kg2 Rc4 32. Rf2 g5 33. hxg5 hxg5 34. Bd5 Rd4 35. Be6 Kf6 36. Bf5 a5 37. Kf3 Rd1 38. Rc2 a4 39. Rc4 Rf1+ 40. Ke4 Re1+ 41. Kf3 Rf1+ 42. Ke2 Ra1 43. Rxb4 Rxa2 44. Bb1 Ra1 45. Bc2 a3 46. Rb6+ Ke5 47. Rb5+ Kd4 48. bxa3 Rxa3 49. Rxg5 Ra2 50. Kd2 Ra3 51. Rf5 f3 52. g5 Re3 53. Rd5+ 1-0

[Event "Pennant-chT"]
[Site "Adelaide"]
[Date "2010.10.05"]
[Round "4.1"]
[White "Zulfic, Fedja"]
[Black "Hoff, Michael R"]
[Result "1/2-1/2"]
[WhiteElo "2014"]
[BlackElo "1905"]
[PlyCount "83"]
[EventDate "2010.09.14"]
[EventType "team-tourn"]
[EventRounds "7"]
[EventCountry "AUS"]
[SourceTitle "EXT 2023"]
[Source "ChessBase"]
[SourceDate "2022.10.05"]
[SourceVersion "1"]
[SourceVersionDate "2022.10.05"]
[SourceQuality "1"]

1. d4 Nf6 2. c4 c5 3. d5 b5 4. cxb5 a6 5. bxa6 Bxa6 6. Nc3 d6 7. g3 g6 8. Bg2 Bg7 9. Nf3 0-0 10. 0-0 Nbd7 11. Rb1 Ng4 12. Qc2 Nge5 13. Nxe5 Nxe5 14. b3 f5 15. h3 h6 16. f4 Nd7 17. Re1 c4 18. b4 Qb6+ 19. Kh2 Bb7 20. e4 fxe4 21. Rxe4 e5 22. Rxc4 Rac8 23. Ne4 Rxc4 24. Qxc4 Rc8 25. Qb3 exf4 26. Bxf4 Ne5 27. a4 g5 28. Be3 Qc7 29. Rc1 Qd7 30. Rxc8+ Bxc8 31. b5 g4 32. h4 Nf3+ 33. Kh1 Qe7 34. Bxf3 gxf3 35. Nf2 Qe5 36. Kh2 Bf6 37. Bf4 Qe2 38. Qe3 Bd4 39. Qxe2 fxe2 40. Nd3 Bc3 41. Bxd6 Bf5 42. b6 1/2-1/2

[Event "Pennant-chT"]
[Site "Adelaide"]
[Date "2010.09.14"]
[Round "1.2"]
[White "Staak, Eric"]
[Black "Hoff, Michael R"]
[Result "1-0"]
[WhiteElo "1511"]
[BlackElo "1905"]
[PlyCount "99"]
[EventDate "2010.09.14"]
[EventType "team-tourn"]
[EventRounds "7"]
[EventCountry "AUS"]
[SourceTitle "EXT 2023"]
[Source "ChessBase"]
[SourceDate "2022.10.05"]
[SourceVersion "1"]
[SourceVersionDate "2022.10.05"]
[SourceQuality "1"]

1. e4 d6 2. d4 Nf6 3. Nc3 g6 4. Be2 c6 5. h4 b5 6. a3 h5 7. Nh3 a5 8. Bg5 Na6 9. Bf3 Bb7 10. 0-0 b4 11. Ne2 c5 12. Ng3 cxd4 13. Bxf6 exf6 14. Qxd4 Bg7 15. Rad1 0-0 16. Qxd6 f5 17. Qf4 Qe7 18. exf5 Bxf3 19. Qxf3 Rad8 20. fxg6 fxg6 21. Qb3+ Kh8 22. Ng5 Bd4 23. Nf3 a4 24. Qc4 Bxf2+ 25. Kh2 Nc5 26. Rxd8 Bxg3+ 27. Kxg3 Rxd8 28. Re1 Qc7+ 29. Kh3 Qd7+ 30. Kh2 Qd6+ 31. Kh1 Rf8 32. axb4 Nd7 33. Qd4+ Qxd4 34. Nxd4 Nb6 35. Re6 Nc4 36. b3 axb3 37. Nxb3 Rf4 38. Rxg6 Rxh4+ 39. Kg1 Kh7 40. Rg3 Ne5 41. c3 Rf4 42. Nd4 h4 43. Rg5 Nc4 44. b5 Kh6 45. Rf5 Rg4 46. b6 h3 47. b7 Rxg2+ 48. Kh1 Rg8 49. Nc6 Kg6 50. Ne7+ 1-0

[Event "Adelaide Interclub-A"]
[Site "Adelaide"]
[Date "2010.06.15"]
[Round "7.2"]
[White "Hoff, Michael R"]
[Black "Ivkovic, Novica"]
[Result "1-0"]
[WhiteElo "1868"]
[BlackElo "1545"]
[PlyCount "67"]
[EventDate "2010.05.04"]
[EventType "team-tourn"]
[EventRounds "9"]
[EventCountry "AUS"]
[SourceTitle "EXT 2023"]
[Source "ChessBase"]
[SourceDate "2022.10.05"]
[SourceVersion "1"]
[SourceVersionDate "2022.10.05"]
[SourceQuality "1"]

1. e4 e5 2. d4 exd4 3. Nf3 Bb4+ 4. Bd2 Bxd2+ 5. Qxd2 c5 6. Bc4 Nh6 7. c3 dxc3 8. Nxc3 0-0 9. 0-0-0 Nc6 10. h3 Kh8 11. g4 a6 12. g5 Ng8 13. h4 b5 14. Bd5 Bb7 15. Bxc6 Bxc6 16. Nd5 Ne7 17. h5 Bxd5 18. exd5 d6 19. h6 Rg8 20. g6 Nxg6 21. Ng5 Ra7 22. f4 Qf6 23. f5 Ne5 24. Ne4 Qxf5 25. Nxd6 Qg6 26. hxg7+ Rxg7 27. Ne8 Nc4 28. Qc3 f6 29. Nxg7 Rxg7 30. d6 Rd7 31. Rdg1 Qf7 32. Rxh7+ Qxh7 33. Qxf6+ Rg7 34. d7 1-0

[Event "Adelaide Interclub-A"]
[Site "Adelaide"]
[Date "2010.06.08"]
[Round "6.2"]
[White "Wedding, Robin"]
[Black "Hoff, Michael R"]
[Result "0-1"]
[WhiteElo "1917"]
[BlackElo "1868"]
[PlyCount "42"]
[EventDate "2010.05.04"]
[EventType "team-tourn"]
[EventRounds "9"]
[EventCountry "AUS"]
[SourceTitle "EXT 2023"]
[Source "ChessBase"]
[SourceDate "2022.10.05"]
[SourceVersion "1"]
[SourceVersionDate "2022.10.05"]
[SourceQuality "1"]

1. d4 Nf6 2. c4 c5 3. d5 b5 4. cxb5 a6 5. bxa6 Bxa6 6. Nc3 d6 7. g3 g6 8. Bg2 Bg7 9. Nf3 0-0 10. Rb1 Nbd7 11. 0-0 Ng4 12. Qc2 Nde5 13. Nxe5 Nxe5 14. b3 Qa5 15. Bb2 c4 16. h3 Rfc8 17. b4 Qxb4 18. Ne4 Qa5 19. Bc3 Qc7 20. Qd2 Rab8 21. Qd4 Nf3+ 0-1

[Event "Pennant-chT"]
[Site "Adelaide"]
[Date "2009.09.22"]
[Round "2.2"]
[White "Hoff, Michael R"]
[Black "Saint, Andrew"]
[Result "0-1"]
[WhiteElo "1848"]
[BlackElo "1824"]
[PlyCount "72"]
[EventDate "2009.09.15"]
[EventType "team-tourn"]
[EventRounds "7"]
[EventCountry "AUS"]
[SourceTitle "EXT 2023"]
[Source "ChessBase"]
[SourceDate "2022.10.05"]
[SourceVersion "1"]
[SourceVersionDate "2022.10.05"]
[SourceQuality "1"]

1. e4 d5 2. exd5 Nf6 3. c4 c6 4. d4 cxd5 5. c5 Nc6 6. Bb5 g6 7. Nf3 Bg7 8. Ne5 Bd7 9. Nxd7 Nxd7 10. Bxc6 bxc6 11. 0-0 0-0 12. f4 Rb8 13. a3 a5 14. Nc3 f5 15. Rb1 Nxc5 16. dxc5 Bxc3 17. Qd3 Bf6 18. b4 axb4 19. axb4 Qc7 20. b5 e5 21. b6 Qe7 22. fxe5 Bxe5 23. Be3 Qh4 24. h3 Qe4 25. Qxe4 fxe4 26. Rfd1 Kf7 27. Bd4 Bxd4+ 28. Rxd4 Ke6 29. Ra4 Rf7 30. Rba1 Rbb7 31. Ra7 d4 32. Rxb7 Rxb7 33. Kf2 Kd5 34. Rc1 e3+ 35. Kf3 Rf7+ 36. Kg4 d3 0-1

[Event "Pennant-chT"]
[Site "Adelaide"]
[Date "2009.09.15"]
[Round "7.2"]
[White "Hoff, Michael R"]
[Black "Juszczynski, Mathew"]
[Result "1-0"]
[WhiteElo "1848"]
[BlackElo "1904"]
[PlyCount "115"]
[EventDate "2009.09.15"]
[EventType "team-tourn"]
[EventRounds "7"]
[EventCountry "AUS"]
[SourceTitle "EXT 2023"]
[Source "ChessBase"]
[SourceDate "2022.10.05"]
[SourceVersion "1"]
[SourceVersionDate "2022.10.05"]
[SourceQuality "1"]

1. e4 c5 2. c3 d5 3. exd5 Qxd5 4. d4 Nc6 5. Nf3 Bg4 6. Be2 e6 7. h3 Bh5 8. 0-0 Nf6 9. a3 cxd4 10. Nxd4 Nxd4 11. cxd4 Bxe2 12. Qxe2 Be7 13. Nc3 Qd7 14. Bf4 0-0 15. Rad1 Rac8 16. Be5 Rfe8 17. f4 a6 18. Rd3 Nd5 19. f5 Nxc3 20. bxc3 f6 21. Rg3 exf5 22. Qa2+ Kh8 23. Qf7 Rg8 24. Bf4 Rcf8 25. Qb3 Bd8 26. h4 Re8 27. d5 b5 28. c4 bxc4 29. Qxc4 Re4 30. Qb3 Rge8 31. h5 Rxf4 32. Rxf4 Bc7 33. Rd4 Bxg3 34. Qxg3 Qa7 35. Qf2 Kg8 36. h6 g6 37. d6 Qc5 38. Rd1 Qxf2+ 39. Kxf2 Kf7 40. Rb1 Ke6 41. Rb7 Kxd6 42. Rxh7 g5 43. Ra7 Rh8 44. h7 Ke5 45. g3 g4 46. Rf7 a5 47. Ra7 a4 48. Ke3 Re8 49. Ra5+ Ke6 50. Kf4 Rh8 51. Ra7 Rc8 52. Ra6+ Kf7 53. Kxf5 Rc5+ 54. Kxg4 Rc4+ 55. Kh5 Rc5+ 56. Kh6 Rc1 57. Ra7+ Ke6 58. h8Q 1-0

[Event "Pennant-chT"]
[Site "Adelaide"]
[Date "2009.09.15"]
[Round "6.2"]
[White "Paprzycki, Eryk"]
[Black "Hoff, Michael R"]
[Result "0-1"]
[WhiteElo "1618"]
[BlackElo "1848"]
[PlyCount "62"]
[EventDate "2009.09.15"]
[EventType "team-tourn"]
[EventRounds "7"]
[EventCountry "AUS"]
[SourceTitle "EXT 2023"]
[Source "ChessBase"]
[SourceDate "2022.10.05"]
[SourceVersion "1"]
[SourceVersionDate "2022.10.05"]
[SourceQuality "1"]

1. d4 Nf6 2. c4 c5 3. Nf3 cxd4 4. Nxd4 Nc6 5. e3 g6 6. Nxc6 bxc6 7. Nc3 Bg7 8. Bd2 0-0 9. Be2 Rb8 10. Qc2 d5 11. 0-0 Bf5 12. Qc1 e5 13. Rd1 Qe7 14. Be1 Rfd8 15. cxd5 cxd5 16. Bd3 Bg4 17. Be2 d4 18. f3 dxc3 19. Rxd8+ Qxd8 20. Bxc3 Nd5 21. fxg4 Bh6 22. Bd2 Qb6 23. Kh1 Qxb2 24. Bf3 Nxe3 25. h4 Nxg4 26. Bxh6 Nxh6 27. Qf1 Nf5 28. Kh2 e4 29. Bxe4 Qe5+ 30. Kg1 Qxe4 31. Re1 Qd4+ 0-1

[Event "Adelaide Interclub-A"]
[Site "Adelaide"]
[Date "2009.06.30"]
[Round "9.2"]
[White "Hoff, Michael R"]
[Black "Ivkovic, Novica"]
[Result "1-0"]
[WhiteElo "1847"]
[BlackElo "1542"]
[PlyCount "119"]
[EventDate "2009.05.05"]
[EventType "team-tourn"]
[EventRounds "9"]
[EventCountry "AUS"]
[SourceTitle "EXT 2023"]
[Source "ChessBase"]
[SourceDate "2022.10.05"]
[SourceVersion "1"]
[SourceVersionDate "2022.10.05"]
[SourceQuality "1"]

1. e4 d5 2. exd5 Qxd5 3. Nc3 Qd6 4. d4 Nf6 5. Nf3 Bg4 6. Be2 e6 7. 0-0 h5 8. Nb5 Qb6 9. c4 c6 10. Nc3 Nbd7 11. a3 Be7 12. Bf4 Qd8 13. b4 Nf8 14. Ne5 Bxe2 15. Qxe2 N6d7 16. Nxf7 Kxf7 17. Ne4 Kg8 18. Rfe1 Qe8 19. c5 Qf7 20. Bg5 Bxg5 21. Nxg5 Qg6 22. h4 Rh6 23. a4 Re8 24. b5 Nh7 25. f4 Qf5 26. Qf3 Qd5 27. Qxd5 cxd5 28. c6 bxc6 29. bxc6 Nb6 30. f5 Nf8 31. a5 Nc4 32. Rab1 Nxa5 33. c7 Nd7 34. fxe6 Nb6 35. Nf7 Nac4 36. Nxh6+ gxh6 37. Rb5 Kf8 38. Rc5 Ke7 39. Rf1 Rc8 40. Rf7+ Kxe6 41. Rh7 Kf5 42. Rxh6 Ke4 43. Rxh5 Kxd4 44. Rc6 a5 45. Rhh6 a4 46. Rxb6 Nxb6 47. Rxb6 Rxc7 48. Ra6 Rc4 49. h5 Kc3 50. g3 d4 51. h6 d3 52. h7 Rc8 53. Rc6+ Rxc6 54. h8Q+ Kc2 55. Kf2 Rc3 56. Qd4 a3 57. Qa4+ Kc1 58. Qd4 Kb2 59. Ke1 a2 60. Kd2 1-0

[Event "Adelaide Interclub-A"]
[Site "Adelaide"]
[Date "2009.06.09"]
[Round "6.2"]
[White "Wedding, Robin"]
[Black "Hoff, Michael R"]
[Result "1-0"]
[WhiteElo "1890"]
[BlackElo "1847"]
[PlyCount "115"]
[EventDate "2009.05.05"]
[EventType "team-tourn"]
[EventRounds "9"]
[EventCountry "AUS"]
[SourceTitle "EXT 2023"]
[Source "ChessBase"]
[SourceDate "2022.10.05"]
[SourceVersion "1"]
[SourceVersionDate "2022.10.05"]
[SourceQuality "1"]

1. e4 d6 2. d4 Nf6 3. Nc3 g6 4. Be3 Ng4 5. Bg5 h6 6. Bh4 Bg7 7. Be2 Nf6 8. Nf3 c6 9. 0-0 g5 10. Bg3 Nh5 11. h4 Nxg3 12. fxg3 g4 13. Nh2 h5 14. Bc4 e6 15. Ne2 d5 16. exd5 cxd5 17. Bb3 Nc6 18. c3 b6 19. Nf4 Ne7 20. Bc2 Ba6 21. Rf2 Qd6 22. Nxh5 Rxh5 23. Qxg4 Bxd4 24. cxd4 Rh8 25. Qg7 0-0-0 26. Rxf7 Nc6 27. Bh7 Rhf8 28. Rc1 Rxf7 29. Qxf7 Rd7 30. Qg8+ Kb7 31. Nf3 Rc7 32. Re1 Nxd4 33. Nxd4 Qc5 34. Qh8 e5 35. Qxe5 Rxh7 36. Kh2 Bd3 37. Nb3 Qc6 38. Qc3 Qxc3 39. bxc3 Rc7 40. Rc1 b5 41. g4 Kb6 42. Kg3 a5 43. Kf4 a4 44. Nd4 b4 45. Ne6 Rc4+ 46. Ke3 Be4 47. Nd4 bxc3 48. h5 Kc5 49. g5 c2 50. g6 Rxd4 51. g7 Bh7 52. Rxc2+ Rc4 53. Rb2 Rc3+ 54. Kf4 d4 55. Rb8 Rc2 56. Rc8+ Kb4 57. Rxc2 d3 58. Rd2 1-0

[Event "Adelaide Interclub-A"]
[Site "Adelaide"]
[Date "2008.05.27"]
[Round "5.2"]
[White "Hoff, Michael R"]
[Black "Ivkovic, Novica"]
[Result "1-0"]
[WhiteElo "1840"]
[BlackElo "1717"]
[PlyCount "57"]
[EventDate "2008.04.29"]
[EventType "team-tourn"]
[EventRounds "9"]
[EventCountry "AUS"]
[SourceTitle "EXT 2010"]
[Source "ChessBase"]
[SourceDate "2010.11.25"]
[SourceVersion "1"]
[SourceVersionDate "2010.11.25"]
[SourceQuality "1"]

1. e4 d5 2. exd5 Qxd5 3. Nc3 Qe6+ 4. Be2 Qg6 5. Bf3 Nf6 6. d3 Na6 7. Bf4 c6 8. Qd2 Bf5 9. 0-0-0 Nb4 10. Nge2 Nfd5 11. a3 Nxc3 12. Nxc3 Na6 13. h3 f6 14. g4 Be6 15. Qe3 Qf7 16. d4 g5 17. Bg3 Bd5 18. Nxd5 cxd5 19. Qb3 e6 20. Rhe1 0-0-0 21. Qc3+ Nc7 22. Rxe6 Rd7 23. Rde1 Bg7 24. Bxd5 Rhd8 25. Rc6 bxc6 26. Bxf7 Rxf7 27. Qxc6 h5 28. d5 Kb8 29. d6 1-0

[Event "Adelaide Interclub-A"]
[Site "Adelaide"]
[Date "2008.04.29"]
[Round "1.2"]
[White "Haydn, Gavin"]
[Black "Hoff, Michael R"]
[Result "0-1"]
[WhiteElo "1551"]
[BlackElo "1840"]
[PlyCount "60"]
[EventDate "2008.04.29"]
[EventType "team-tourn"]
[EventRounds "9"]
[EventCountry "AUS"]
[SourceTitle "EXT 2010"]
[Source "ChessBase"]
[SourceDate "2010.11.25"]
[SourceVersion "1"]
[SourceVersionDate "2010.11.25"]
[SourceQuality "1"]

1. d4 Nf6 2. Bg5 g6 3. Nd2 Bg7 4. e4 d6 5. f4 0-0 6. Ngf3 c5 7. Be2 Ng4 8. Nf1 cxd4 9. Nxd4 Nf6 10. Ng3 Nc6 11. c3 Qb6 12. Nxc6 bxc6 13. Qd2 Rb8 14. Rb1 Be6 15. b3 h6 16. Bxf6 Bxf6 17. h4 a5 18. Rf1 a4 19. f5 Qc5 20. e5 Bxh4 21. fxe6 Bxg3+ 22. Kd1 dxe5 23. exf7+ Kg7 24. Kc2 Rbd8 25. Qc1 Bf4 26. Rxf4 exf4 27. Qxf4 Rxf7 28. Qe4 Rf2 29. b4 Qf5 30. Qxf5 Rxe2+ 0-1